Počítanie času a doručovanie v pracovnom práve

Bibliographic Details
Main Author: Rybárová, Mária (Author)
Format: Article
Language:Slovak
Subjects:

MARC

LEADER 00000nab a2200000 a 4500
001 vtls000711871
003 SK-MaSNL
005 20260304121446.0
008 250429c1999 xo 0 slo
015 |a SNBRB2000/02-03922 
035 |a CLN000064038 
035 |a urn:nbn:sk:snk-ab9qtg 
035 |a (urnnbn)urn:nbn:sk:snk:ar-a08paz 
035 |a (uuid)692e5d83-5dd6-4fe8-9b9f-c1d8fbb1eaac 
040 |a SNKBUCL  |b slo  |c SNKBUCL  |e AACR2 
041 0 |a slo 
044 |a xo  |c SK 
080 |a 349.2  |2 1997 
100 1 |a Rybárová, Mária  |4 aut  |9 297135 
245 1 0 |a Počítanie času a doručovanie v pracovnom práve  |c Mária Rybárová 
650 0 7 |a pracovné právo  |2 snkbucl  |9 982 
655 7 |a články z novín a časopisov  |2 snkbucl  |9 267496 
773 0 |t Dane a právo v praxi  |g Roč. 4, č. 4 (1999), s. 18-21  |x 1335-2539 
850 |a Slovenská národná knižnica 
852 |a Slovenská národná knižnica 
954 |a odborná, vedecká literatúra pôvodná (slovenská)  |2 lita 
958 |a article13 
958 |a OND 
958 |a EUIPO 
992 |a RBX 
999 |c 2885196  |d 2887126